<An> Introduction to Analysis of Financial Data with R
Gespeichert in:
| 1. Verfasser: | |
|---|---|
| Format: | Buch |
| Sprache: | Englisch |
| Veröffentlicht: |
Hoboken
Wiley
2013
|
| Schriftenreihe: | Wiley Series in Probability and Statistics
|
| Schlagworte: | |
| Tags: |
Keine Tags, Fügen Sie das erste Tag hinzu!
|
MARC
| LEADER | 00000nam a2200000 4500 | ||
|---|---|---|---|
| 001 | 0241912 | ||
| 005 | 20240306140335.4 | ||
| 020 | |a 978-0-470-89081-3 | ||
| 041 | 0 | |a eng | |
| 044 | |a US | ||
| 245 | 1 | 0 | |a <An> Introduction to Analysis of Financial Data with R |c Ruey S. Tsay |
| 264 | 1 | |a Hoboken |b Wiley |c 2013 | |
| 300 | |a 390 s. | ||
| 490 | 1 | |a Wiley Series in Probability and Statistics | |
| 830 | 0 | |a Wiley Series in Probability and Statistics | |
| 610 | 2 | 0 | |a financie |
| 610 | 2 | 0 | |a dáta |
| 610 | 2 | 0 | |a analýza finančná |
| 610 | 2 | 0 | |a štatistika finančná |
| 610 | 2 | 0 | |a rady časové |
| 610 | 2 | 0 | |a korelácia |
| 610 | 2 | 0 | |a regresia |
| 610 | 2 | 0 | |a modely lineárne |
| 610 | 2 | 0 | |a modelovanie ekonometrické |
| 610 | 2 | 0 | |a hodnota |
| 610 | 2 | 0 | |a riziko |
| 610 | 2 | 0 | |a odhady |
| 610 | 2 | 0 | |a teória hodnoty |
| 610 | 2 | 0 | |a jazyky programovacie |
| 610 | 2 | 0 | |a štúdie prípadové |
| 100 | 1 | |a Tsay, Ruey S. | |